| 000 | 00555nam a22001577a 4500 | ||
|---|---|---|---|
| 003 | OSt | ||
| 005 | 20160331143951.0 | ||
| 008 | 160331b xxu||||| |||| 00| 0 eng d | ||
| 040 | _cRUA | ||
| 082 | _aAGR ភាវ 1993 B473 Or.1 | ||
| 100 |
_98271 _aភាវ សុវុធ្ធី |
||
| 245 | _aភាពក្រីក្រនិងតម្រូវការឥនទានរបស់ប្រជាកសិករនៅភូមិត្រពាំងនំ | ||
| 260 |
_aPhnom Penh _bRUA _c1993 |
||
| 300 |
_a77p. _bill. _c29cm. |
||
| 942 |
_2ddc _cAGR |
||
| 999 |
_c7911 _d7911 |
||